000 00600 a2200217 4500
001 148683
003 OSt
005 20211001142153.0
008
020 _a9780230291799
082 _a791.430954
_bF46F
245 1 _aFigurations in Indian film
_cedited by Meheli Sen and Anustup Basu
260 _aLondon
_bPalgrave MacMillan
_c2013
300 _a292p.
653 _aCulture and Media Studies
653 _aMotion pictures
653 _aMotion picture industry
700 _aSen, Meheli
_eEditor
700 _aBasu, Anustup
_eEditor
942 _2ddc
_cBK
999 _c13554
_d13554